000
00202nam a2200109Ia 4500
100
_a
#N/A
942
_c
BK
654
_a
knoppix 3.6
245
_a
Knoppix 3.6
260
_b
#N/A
_c
2004
546
_a
ENGLISH
999
_c
25128
_d
25128